000 01085nam a2200289 a 4500
001 000026016
005 20200930024230.0
008 110217s1988 ag r 000 | spa d
020 _a9506940266
040 _aDO-SdBNP
_bspa
_cBNPHU
041 _aspa
_heng
_2Código de idioma MARC
082 _a327.73
_bW241t
100 1 _aWaltz, Kenneth N. ,
_952920
240 0 _aTheory of International Politics.
_lEspañol
245 1 0 _aTeoría de la política internacional /
_cKenneth N. Waltz ; traducción Mirta Rosenberg.
260 _aBuenos Aires :
_bGrupo Editor Latinoamericano,
_c1988.
300 _a336 p. ;
_c25 cm.
490 1 _aEstudios Internacionales
_v212.129
534 _aTítulo original :
_tTheory of International Politics.
504 _aIncluye bibliografía : p. 323-336
500 _aIncluye nota al pie de páginas
650 4 _aRelaciones internacionales
_zEstados Unidos
_952921
650 4 _aPolítica internacional
_xEstados unidos
_952922
700 1 _aRosenberg, Mirta,
_etr.
_949673
830 0 _aEstudios Internacionales,
_v212.129
_948515
049 _aBNGR
999 _c25508
_d25508